[Event "VI Festival B"]
[Site "Amantea ITA"]
[Date "2008.09.05"]
[Round "6"]
[White "Mazzuca, Aldo"]
[Black "Paese, Salvatore"]
[Result "0-1"]
[WhiteElo "1425"]
[BlackElo "1324"]
[PlyCount "30"]
[EventDate "2008.08.31"]

1. e4 e5 2. Nc3 Nf6 3. Bc4 Bc5 4. f3 Nc6 5. d3 d6 6. Bg5 O-O 7. Nd5 Nd4 8. c3
Ne6 9. g3 Nxg5 10. Qd2 Nxd5 11. Bxd5 c6 12. Bb3 Qf6 13. f4 exf4 14. gxf4 Bxg1
15. Rxg1 Nf3+ 0-1

[Event "VI Festival B"]
[Site "Amantea ITA"]
[Date "2008.09.05"]
[Round "6"]
[White "Mileo, Miguelito"]
[Black "Gad, Alessandro"]
[Result "1/2-1/2"]
[WhiteElo "1617"]
[BlackElo "1548"]
[PlyCount "49"]
[EventDate "2008.08.31"]

1. d4 Nf6 2. Bf4 e6 3. Nf3 b6 4. e3 Bb7 5. Nbd2 d5 6. Bd3 Bd6 7. Ne5 Nbd7 8.
O-O O-O 9. Qf3 Re8 10. Qh3 Nf8 11. Ndf3 Ne4 12. Bxe4 dxe4 13. Nd2 f6 14. Nec4
Rc8 15. Nxd6 cxd6 16. c3 Ba6 17. Rfe1 Bd3 18. Qg4 f5 19. Qd1 Ng6 20. Bg3 Ne7
21. h3 Nd5 22. Nb3 g5 23. Bh2 Re7 24. Nc1 Ba6 25. Qa4 1/2-1/2

[Event "VI Festival B"]
[Site "Amantea ITA"]
[Date "2008.09.05"]
[Round "6"]
[White "Moscarelli, Giacomo"]
[Black "Vatta, Marino"]
[Result "1/2-1/2"]
[WhiteElo "1634"]
[BlackElo "1634"]
[PlyCount "92"]
[EventDate "2008.08.31"]

1. d4 Nf6 2. e3 d5 3. f4 e6 4. Nf3 Nc6 5. c3 Be7 6. Bd3 a6 7. Nbd2 h6 8. Ne5
Nb8 9. O-O c6 10. Qe2 b5 11. a3 c5 12. dxc5 Bxc5 13. b4 Bd6 14. Nef3 Bb7 15.
Nd4 Qc7 16. Bb2 Nbd7 17. N2f3 O-O 18. a4 bxa4 19. Rxa4 Nb6 20. Ra2 Nc4 21. Bxc4
dxc4 22. Rfa1 Nd7 23. b5 a5 24. Ba3 Nc5 25. Nd2 Nb3 26. Bxd6 Nxd4 27. cxd4 Qxd6
28. Nxc4 Qc7 29. Nxa5 Bd5 30. Ra3 Rfc8 31. Qb2 Rcb8 32. Rc3 Qb6 33. Nc6 Rxa1+
34. Qxa1 Bxc6 35. bxc6 Rc8 36. Qc1 Rc7 37. Kf2 Kf8 38. h4 g6 39. g4 Qa6 40. Kf3
Ke7 41. e4 Qb5 42. g5 h5 43. Kf2 Qb6 44. Qa3+ Ke8 45. Qa8+ Ke7 46. Qa3+ Ke8
1/2-1/2

[Event "VI Festival B"]
[Site "Amantea ITA"]
[Date "2008.09.05"]
[Round "6"]
[White "Nicoletta, Adamo"]
[Black "Fittante, Enrico"]
[Result "1-0"]
[WhiteElo "1413"]
[BlackElo "1518"]
[PlyCount "69"]
[EventDate "2008.08.31"]

1. e4 c6 2. d4 d5 3. Nc3 dxe4 4. Nxe4 Nf6 5. Bd3 Na6 6. Nf3 Nxe4 7. Bxe4 Bg4 8.
h3 Bh5 9. O-O e6 10. b3 Bd6 11. Qd3 Bxf3 12. Qxf3 O-O 13. Bb2 Nc7 14. c4 Qd7
15. Rad1 f5 16. Bc2 Ne8 17. d5 e5 18. dxc6 Qxc6 19. Qc3 f4 20. Rfe1 Nf6 21. c5
Bc7 22. Qc4+ Kh8 23. Bxe5 Bxe5 24. Rxe5 Rab8 25. Rd6 Qc7 26. Qd3 g6 27. Qd4 Qg7
28. b4 a6 29. Ree6 Nh5 30. Qd2 f3 31. gxf3 Nf4 32. Rd7 Qa1+ 33. Re1 Qf6 34. Kh2
Nxh3 35. Qh6 1-0

[Event "VI Festival B"]
[Site "Amantea ITA"]
[Date "2008.09.05"]
[Round "6"]
[White "Rametta, Marcello"]
[Black "Carbone, Stefano"]
[Result "0-1"]
[WhiteElo "1723"]
[BlackElo "1620"]
[PlyCount "184"]
[EventDate "2008.08.31"]

1. e4 g6 2. d4 Bg7 3. Nf3 d6 4. h3 a6 5. c3 Nf6 6. Bg5 Nxe4 7. Nbd2 Nxg5 8.
Nxg5 h6 9. Ngf3 Nd7 10. Bd3 O-O 11. Qc2 c5 12. Bc4 e6 13. O-O-O b5 14. Bd3 c4
15. Be2 Rb8 16. g4 d5 17. h4 b4 18. h5 g5 19. Rdf1 Qf6 20. Ne1 bxc3 21. bxc3 e5
22. Bf3 exd4 23. Bxd5 d3 24. Ne4 dxc2 25. Nxf6+ Nxf6 26. Bxc4 Bxg4 27. f4 Bd1
28. Nxc2 Bxc2 29. Kxc2 Ne4 30. Rhg1 Rbc8 31. Bb3 Rxc3+ 32. Kb2 Rf3+ 33. Ka3
Rxf4 34. Rxf4 gxf4 35. Rg4 Nf6 36. Rxf4 Nxh5 37. Rf5 Nf6 38. Ka4 Ne4 39. Ka5
Bc3+ 40. Kxa6 Kg7 41. Bd5 Nd6 42. Rf3 Bd4 43. Rg3+ Kf6 44. Rh3 Kg5 45. Rd3 Be5
46. Kb6 Nf5 47. Bb7 f6 48. a4 h5 49. a5 Bd4+ 50. Kc7 Ba7 51. a6 Re8 52. Bc8 Re1
53. Kb7 Re7+ 54. Bd7 Bf2 55. Kc8 Ba7 56. Kb7 Bf2 57. Kc8 Ng7 58. Rg3+ Kf4 59.
Rg2 Ba7 60. Rc2 Re5 61. Kb7 Be3 62. Rg2 Ne6 63. Kb8 Nc5 64. Bc8 Nxa6+ 65. Bxa6
h4 66. Rg6 f5 67. Bf1 Re7 68. Bh3 Re5 69. Kc7 Bf2 70. Kd6 Bg3 71. Rg8 Ke3 72.
Rg5 Re4+ 73. Kd5 f4 74. Rg4 Rd4+ 75. Kc5 Rd8 76. Rg7 Rf8 77. Re7+ Kd2 78. Rd7+
Kc2 79. Kd4 f3 80. Ke3 f2 81. Ke2 Re8+ 82. Kf3 Re1 83. Bf5+ Kc3 84. Bh3 f1=Q+
85. Bxf1 Rxf1+ 86. Kg2 Rf2+ 87. Kg1 Ra2 88. Rg7 Kd3 89. Kf1 Ke3 90. Re7+ Kf4
91. Rf7+ Kg4 92. Rg7+ Kh3 0-1

[Event "VI Festival B"]
[Site "Amantea ITA"]
[Date "2008.09.05"]
[Round "6"]
[White "Scalise, Sandro"]
[Black "Scerra, Ezio"]
[Result "1-0"]
[WhiteElo "1571"]
[BlackElo "1359"]
[PlyCount "97"]
[EventDate "2008.08.31"]

1. d4 Nf6 2. c4 c5 3. d5 b5 4. cxb5 a6 5. Nc3 d6 6. e4 g6 7. Nf3 Bg7 8. Be2
Nfd7 9. Bd2 Nb6 10. O-O O-O 11. Re1 Bb7 12. Qc1 axb5 13. Nxb5 Ba6 14. Bh6 f6
15. Bxg7 Kxg7 16. h4 Qd7 17. Nc3 h5 18. Bd1 e6 19. dxe6 Qxe6 20. Nd5 Nxd5 21.
exd5 Qxd5 22. Qe3 Nc6 23. Bb3 c4 24. Ba4 Rae8 25. Rad1 Rxe3 26. Rxd5 Nb4 27.
Rxd6 Rxe1+ 28. Nxe1 Bb7 29. Rd7+ Rf7 30. Rxf7+ Kxf7 31. a3 Bc6 32. Bxc6 Nxc6
33. Kf1 Ke6 34. Ke2 g5 35. hxg5 fxg5 36. Nf3 g4 37. Nd2 Na5 38. Ke3 Ke5 39. f4+
Kf5 40. Ne4 Nb3 41. Nd6+ Kg6 42. Nxc4 h4 43. Ne5+ Kf5 44. Nc6 Nc5 45. Nd4+ Kg6
46. b4 Na4 47. b5 Kf6 48. Ke4 Nc5+ 49. Ke3 1-0

[Event "VI Festival B"]
[Site "Amantea ITA"]
[Date "2008.09.06"]
[Round "7"]
[White "Alagia, Pietro"]
[Black "Mileo, Miguelito"]
[Result "1-0"]
[WhiteElo "1706"]
[BlackElo "1617"]
[PlyCount "59"]
[EventDate "2008.08.31"]

1. d4 d5 2. c3 Bf5 3. Nd2 Nf6 4. g3 e6 5. Ngf3 h6 6. Bg2 Be7 7. Ne5 Nbd7 8. O-O
c6 9. Re1 Qc7 10. Nxd7 Nxd7 11. e4 Bh7 12. Nf1 O-O-O 13. exd5 cxd5 14. Bxd5 Nf6
15. Bg2 Nd5 16. Qa4 Rd6 17. Bd2 Ra6 18. Qd1 Bd3 19. Bxd5 Bxf1 20. Qg4 Bc4 21.
Bf4 Qxf4 22. Bxb7+ Kxb7 23. Qxf4 Rf8 24. b3 g5 25. Qd2 Bd5 26. c4 Bf3 27. b4
Rd8 28. c5 Bf6 29. Qd3 g4 30. Qb5+ 1-0

[Event "VI Festival B"]
[Site "Amantea ITA"]
[Date "2008.09.06"]
[Round "7"]
[White "Alo', Lucio"]
[Black "Scerra, Ezio"]
[Result "1/2-1/2"]
[WhiteElo "1454"]
[BlackElo "1359"]
[PlyCount "70"]
[EventDate "2008.08.31"]

1. Nf3 c5 2. d4 cxd4 3. Nxd4 Nc6 4. Nxc6 bxc6 5. e4 e6 6. Nc3 Bb4 7. Bd2 Ne7 8.
Bd3 e5 9. O-O a5 10. a3 Bc5 11. Qh5 Ng6 12. Bc4 Ba6 13. Qe2 Bxc4 14. Qxc4 Qe7
15. Na4 Ba7 16. Bxa5 Bxf2+ 17. Rxf2 Rxa5 18. Nc3 O-O 19. Raf1 Nf4 20. Na4 d5
21. Qxc6 f6 22. exd5 Nxd5 23. b4 Raa8 24. Qxd5+ Kh8 25. Qb3 Rfd8 26. c4 Qa7 27.
Nc5 Rd4 28. a4 e4 29. Rd1 Rad8 30. Rxd4 Rxd4 31. Qe3 Rxc4 32. Qd2 h6 33. Re2 f5
34. Qd5 Rxb4 35. Qxf5 Rc4 1/2-1/2

[Event "VI Festival B"]
[Site "Amantea ITA"]
[Date "2008.09.06"]
[Round "7"]
[White "Altomonte, Giuseppe"]
[Black "Ielapi, Gianbattista"]
[Result "0-1"]
[WhiteElo "1779"]
[BlackElo "1686"]
[PlyCount "118"]
[EventDate "2008.08.31"]

1. d4 Nf6 2. c4 d6 3. Nc3 g6 4. Bg5 Bg7 5. Qd2 O-O 6. Bh6 c5 7. Bxg7 Kxg7 8. e3
cxd4 9. exd4 Nc6 10. Nf3 b6 11. d5 Na5 12. b4 Nb7 13. Be2 e5 14. h4 h5 15. Nh2
Rh8 16. Nf3 Qe7 17. Ng5 Bd7 18. f4 Rhe8 19. fxe5 Qxe5 20. O-O Qe3+ 21. Qxe3
Rxe3 22. Rf3 Rae8 23. Ne6+ R3xe6 24. dxe6 Rxe6 25. Bd3 Bc6 26. Rf2 Ng4 27. Re2
Ne5 28. Be4 Bxe4 29. Rxe4 f5 30. Re2 Kf6 31. Nd5+ Kf7 32. Rc2 Nc6 33. Kf2 Ne5
34. Rd1 Ng4+ 35. Kf3 Re4 36. Rdc1 Ne5+ 37. Kg3 Nd3 38. Rf1 Rg4+ 39. Kh3 Ne5 40.
Rf4 Rxf4 41. Nxf4 Nc6 42. Nd3 Ke6 43. Re2+ Ne5 44. c5 bxc5 45. bxc5 Nxc5 46.
Nxc5+ dxc5 47. Kg3 Kd5 48. Kf4 Nd3+ 49. Kg5 Kd4 50. g3 c4 51. Kxg6 f4 52. Kxh5
f3 53. Rh2 f2 54. Rh1 c3 55. g4 c2 56. g5 c1=Q 57. Rxc1 Nxc1 58. g6 f1=Q 59.
Kh6 Qf4+ 0-1

[Event "VI Festival B"]
[Site "Amantea ITA"]
[Date "2008.09.06"]
[Round "7"]
[White "Berardi, Emiliano"]
[Black "Scalise, Sandro"]
[Result "0-1"]
[WhiteElo "1440"]
[BlackElo "1571"]
[PlyCount "48"]
[EventDate "2008.08.31"]

1. e4 Nf6 2. e5 Nd5 3. c4 Nb6 4. Nf3 Nc6 5. d4 d6 6. exd6 cxd6 7. Be2 Bf5 8.
Nh4 Bxb1 9. Rxb1 e5 10. Nf3 Be7 11. dxe5 dxe5 12. Qxd8+ Rxd8 13. O-O Bc5 14. a3
Nd4 15. Nxd4 Bxd4 16. b4 O-O 17. Bb2 Rfe8 18. Rfe1 Na4 19. Ba1 Bc3 20. Bxc3
Nxc3 21. Rbc1 Nxe2+ 22. Rxe2 Rd3 23. Rce1 Rxa3 24. Rxe5 Rxe5 0-1

[Event "VI Festival B"]
[Site "Amantea ITA"]
[Date "2008.09.06"]
[Round "7"]
[White "Cannataro, Luciano"]
[Black "Carrozza, Gregorio"]
[Result "1-0"]
[WhiteElo "1795"]
[BlackElo "1580"]
[PlyCount "69"]
[EventDate "2008.08.31"]

1. d4 Nf6 2. c4 b6 3. Nc3 Bb7 4. f3 d5 5. cxd5 Nxd5 6. e4 Nxc3 7. bxc3 e6 8.
Bd3 Be7 9. Ne2 O-O 10. O-O Nd7 11. Be3 Rc8 12. c4 c5 13. d5 Ne5 14. Rc1 Nxd3
15. Qxd3 exd5 16. cxd5 Bd6 17. f4 f6 18. Ng3 g6 19. Qe2 Qe7 20. Qg4 Kh8 21. f5
Bxd5 22. fxg6 Be6 23. g7+ Qxg7 24. Qxe6 Bxg3 25. hxg3 Rce8 26. Qf5 Re5 27. Qf4
Qe7 28. Qh6 Rxe4 29. Rf3 c4 30. Bg5 Re6 31. Rcf1 Qc5+ 32. Kh2 c3 33. Bxf6+
Rfxf6 34. Rxf6 Re8 35. Rf8+ 1-0

[Event "VI Festival B"]
[Site "Amantea ITA"]
[Date "2008.09.06"]
[Round "7"]
[White "Carbone, Stefano"]
[Black "Chiappetta, Dario"]
[Result "0-1"]
[WhiteElo "1620"]
[BlackElo "1745"]
[PlyCount "148"]
[EventDate "2008.08.31"]

1. e4 d6 2. d4 Nf6 3. Nc3 c6 4. f4 Nbd7 5. Nf3 Qc7 6. Be2 e5 7. Be3 Be7 8. h3
a6 9. a4 b6 10. O-O Rb8 11. Qd2 O-O 12. fxe5 dxe5 13. Nxe5 Nxe5 14. dxe5 Qxe5
15. Bf4 Qc5+ 16. Be3 Qb4 17. Qd4 Rd8 18. Qxb4 Bxb4 19. Bd3 Bd6 20. Bg5 Be5 21.
Bf4 Re8 22. Rab1 Bb7 23. Bxe5 Rxe5 24. Rf5 Rbe8 25. Rbf1 b5 26. b4 R8e7 27.
Rxe5 Rxe5 28. Rf5 Re7 29. axb5 axb5 30. Rf1 Nd7 31. Rf4 Ne5 32. Ne2 Rd7 33. Nc1
Rd4 34. c3 Rxd3 35. Nxd3 Nxd3 36. Rf1 c5 37. bxc5 Nxc5 38. Rf5 Nd7 39. Rxb5
Bxe4 40. Rb4 Bf5 41. Ra4 Kf8 42. Kf2 Ke7 43. Ke3 h5 44. Kf4 Be6 45. Ra5 g6 46.
h4 Nf6 47. Ke5 Ng4+ 48. Kf4 Kd6 49. Ke4 Kc6 50. Kd4 Nh6 51. Ra4 Nf5+ 52. Kd3
Ng3 53. Ke3 Kb5 54. Rb4+ Kc5 55. Kf3 Nf5 56. g3 Ne7 57. Rb1 Nd5 58. Rc1 Kc4 59.
Ke2 Nf6 60. Ke3 Bd5 61. Kf4 Ne4 62. g4 hxg4 63. Kxg4 Nxc3 64. Kg5 Kd4 65. Rf1
Ke5 66. Kh6 Ne4 67. Kg7 Ng3 68. Rf2 Nf5+ 69. Kh7 Nxh4 70. Kh6 Nf5+ 71. Kg5 Nd6
72. Rf1 Ne4+ 73. Kh4 g5+ 74. Kg4 Be6+ 0-1

[Event "VI Festival B"]
[Site "Amantea ITA"]
[Date "2008.09.06"]
[Round "7"]
[White "Carlomagno, Vincenzo"]
[Black "Moscarelli, Giacomo"]
[Result "1/2-1/2"]
[WhiteElo "1422"]
[BlackElo "1634"]
[PlyCount "82"]
[EventDate "2008.08.31"]

1. e4 e6 2. d4 c6 3. c4 d5 4. Nc3 dxe4 5. Nxe4 Nd7 6. Bd3 Ngf6 7. Bg5 Qb6 8.
Qe2 Qxd4 9. Nf3 Qb6 10. O-O h6 11. Be3 Qc7 12. Rad1 Nxe4 13. Bxe4 Nf6 14. Bd3
Be7 15. Rfe1 b6 16. a3 Bb7 17. b4 O-O 18. c5 Nd5 19. Bd2 Bf6 20. Qe4 Rfd8 21.
Qc4 a5 22. Qg4 Kf8 23. Nd4 axb4 24. axb4 bxc5 25. bxc5 Ba6 26. Bc2 Bb5 27. Rxe6
Bxd4 28. Rxh6 gxh6 29. Bxh6+ Ke7 30. Re1+ Qe5 31. Rxe5+ Bxe5 32. Bg5+ f6 33.
Bc1 Rg8 34. Qe4 Rh8 35. f4 Nc3 36. Qe3 Ne2+ 37. Kh1 Rxh2+ 38. Kxh2 Rh8+ 39. Qh3
Nxf4 40. Qxh8 Ng6+ 41. g3 Nxh8 1/2-1/2

[Event "VI Festival B"]
[Site "Amantea ITA"]
[Date "2008.09.06"]
[Round "7"]
[White "Costabile, Vincenzo"]
[Black "Lorenzotti, Fabrizio"]
[Result "0-1"]
[WhiteElo "1536"]
[BlackElo "1712"]
[PlyCount "79"]
[EventDate "2008.08.31"]

1. e4 c5 2. Nf3 Nc6 3. d4 cxd4 4. Nxd4 e6 5. Nb5 a6 6. Nd6+ Bxd6 7. Qxd6 e5 8.
Nc3 Qe7 9. Qd1 h6 10. Nd5 Qd6 11. c4 Nb4 12. Qg4 Nxd5 13. cxd5 Nf6 14. Qxg7 Rh7
15. Qg3 Qb4+ 16. Qc3 Qxe4+ 17. Be3 Nxd5 18. Qd3 Qxd3 19. Bxd3 Rh8 20. Bc5 Nf4
21. Bf1 d5 22. O-O-O Be6 23. g3 Rc8 24. b4 Ng6 25. Kd2 Ne7 26. a4 f6 27. Bg2
Kf7 28. Ke2 Rhd8 29. Rd2 Nc6 30. Rhd1 e4 31. Bb6 Re8 32. Bc5 Ne5 33. f3 Nc4 34.
Rc2 b6 35. Bd4 exf3+ 36. Kxf3 Ne5+ 37. Bxe5 Rxc2 38. Bf4 h5 39. Rd2 Bg4+ 40.
Kf2 0-1

[Event "VI Festival B"]
[Site "Amantea ITA"]
[Date "2008.09.06"]
[Round "7"]
[White "De Caro, Nicola"]
[Black "Levato, Biagio"]
[Result "1-0"]
[WhiteElo "1635"]
[BlackElo "1501"]
[PlyCount "35"]
[EventDate "2008.08.31"]

1. d4 Nf6 2. c4 e6 3. Nf3 b6 4. a3 Bb7 5. Nc3 d6 6. Qc2 Be7 7. e4 Nbd7 8. Be2
O-O 9. O-O c6 10. h3 h6 11. Bf4 Ne8 12. Rad1 f6 13. Rfe1 Qc8 14. Nh4 Kf7 15.
Bh5+ Kg8 16. Bg6 e5 17. Nf5 Bd8 18. Bxh6 1-0

[Event "VI Festival B"]
[Site "Amantea ITA"]
[Date "2008.09.06"]
[Round "7"]
[White "Fittante, Enrico"]
[Black "Nicoletta, Oscare"]
[Result "1-0"]
[WhiteElo "1518"]
[BlackElo "1419"]
[PlyCount "71"]
[EventDate "2008.08.31"]

1. d4 d5 2. e3 Nf6 3. c4 e6 4. a3 Bd6 5. Nf3 O-O 6. c5 Be7 7. Nc3 Nbd7 8. Bd3
c6 9. O-O b6 10. b4 bxc5 11. dxc5 a5 12. Bb2 axb4 13. axb4 Rxa1 14. Qxa1 Bb7
15. Na4 Qa8 16. b5 cxb5 17. Bxb5 e5 18. Nxe5 Nxe5 19. Bxe5 Bxc5 20. Bxf6 gxf6
21. Nxc5 Qxa1 22. Rxa1 Bc8 23. Ra8 Be6 24. Rxf8+ Kxf8 25. g3 Ke7 26. Nxe6 Kxe6
27. Kg2 f5 28. f3 Ke5 29. h4 h5 30. f4+ Ke4 31. Kf2 f6 32. Be2 d4 33. exd4 Kxd4
34. Bxh5 Ke4 35. Bg6 Kd5 36. h5 1-0

[Event "VI Festival B"]
[Site "Amantea ITA"]
[Date "2008.09.06"]
[Round "7"]
[White "Gad, Alessandro"]
[Black "Rametta, Marcello"]
[Result "1/2-1/2"]
[WhiteElo "1548"]
[BlackElo "1723"]
[PlyCount "103"]
[EventDate "2008.08.31"]

1. c4 e5 2. Nc3 Nf6 3. g3 Be7 4. Bg2 c6 5. d4 exd4 6. Qxd4 O-O 7. Nf3 Na6 8.
O-O Nb4 9. Qd1 d5 10. a3 Na6 11. cxd5 cxd5 12. b4 Be6 13. Bb2 Rc8 14. Rc1 Nc7
15. e3 a6 16. Nd4 Bg4 17. Qb3 Qd7 18. Na4 Qd6 19. h3 Bd7 20. Nc5 Bc6 21. Rfd1
Ne6 22. e4 Nxc5 23. bxc5 Qd7 24. Nf5 Bxc5 25. Nxg7 Kxg7 26. Qf3 Be7 27. e5 Qe6
28. exf6+ Bxf6 29. Bxf6+ Qxf6 30. Qg4+ Qg6 31. Qxg6+ hxg6 32. Bxd5 Bxd5 33.
Rxc8 Rxc8 34. Rxd5 Rc1+ 35. Kg2 Ra1 36. Rd7 b5 37. Rd3 a5 38. Rb3 a4 39. Rxb5
Rxa3 40. Ra5 Ra1 41. Kf3 a3 42. h4 Kh6 43. Kf4 a2 44. f3 f5 45. Ra6 Kh7 46. Kg5
Rg1 47. Ra7+ Kg8 48. Rxa2 Rxg3+ 49. Kf6 Rh3 50. Kg5 Rg3+ 51. Kf4 Rg1 52. Rh2
1/2-1/2

[Event "VI Festival B"]
[Site "Amantea ITA"]
[Date "2008.09.06"]
[Round "7"]
[White "Grudina, Marco"]
[Black "Galasso, Luciano"]
[Result "1-0"]
[WhiteElo "1897"]
[BlackElo "1548"]
[PlyCount "123"]
[EventDate "2008.08.31"]

1. e4 d6 2. d4 Nf6 3. Nc3 c6 4. f4 Qa5 5. Bd3 e5 6. Nf3 Bg4 7. dxe5 dxe5 8.
fxe5 Bxf3 9. Qxf3 Qxe5 10. Bf4 Qa5 11. Bd2 Nbd7 12. Nd5 Qd8 13. Nxf6+ Qxf6 14.
Qxf6 Nxf6 15. Bc3 Be7 16. h3 O-O-O 17. O-O-O h6 18. Rhe1 Rhg8 19. Rf1 Rdf8 20.
Rf5 Nh7 21. Bc4 Bf6 22. e5 Bg5+ 23. Kb1 g6 24. Rxf7 Rxf7 25. Bxf7 Rd8 26. Rxd8+
Kxd8 27. Bxg6 Nf8 28. Bf5 Ke8 29. Bb4 Nd7 30. Bxd7+ Kxd7 31. c4 Bf4 32. Bd6 Ke6
33. Kc2 Bxe5 34. Bxe5 Kxe5 35. Kd3 Kf4 36. Ke2 Kg3 37. Kf1 h5 38. b4 h4 39. a4
a5 40. bxa5 c5 41. Kg1 Kf4 42. Kf2 Ke4 43. g3 hxg3+ 44. Kxg3 Kd4 45. h4 Kxc4
46. h5 Kd3 47. h6 c4 48. h7 c3 49. h8=Q c2 50. Qd8+ Kc3 51. Qc7+ Kd2 52. Qd6+
Kc1 53. Kf2 Kb2 54. Qd4+ Kb1 55. Qb4+ Ka2 56. Qc4+ Kb2 57. Qb4+ Ka2 58. Qd2 Kb2
59. Ke2 Kb1 60. Qb4+ Kc1 61. Kd3 Kd1 62. Qb3 1-0

[Event "VI Festival B"]
[Site "Amantea ITA"]
[Date "2008.09.06"]
[Round "7"]
[White "Ielapi, Vito"]
[Black "Caporale, Giuseppe Guido"]
[Result "1-0"]
[WhiteElo "1890"]
[BlackElo "1820"]
[PlyCount "118"]
[EventDate "2008.08.31"]

1. d4 f5 2. g3 e6 3. Bg2 Nf6 4. c4 c6 5. Nc3 Be7 6. e3 O-O 7. Nge2 d6 8. O-O
Qe8 9. b3 Na6 10. Bb2 Nc7 11. a4 Bd7 12. b4 Rb8 13. Qd3 Qf7 14. Ba3 Rbd8 15. b5
Kh8 16. a5 cxb5 17. cxb5 Rb8 18. Rfb1 Ne4 19. b6 axb6 20. axb6 Ne8 21. f3 N4f6
22. Nb5 Bc6 23. Na7 Bd7 24. Nc3 Bd8 25. Nab5 Be7 26. Nc7 d5 27. N3b5 Bc6 28.
Na7 Bxa3 29. Nxc6 bxc6 30. Nxe8 Nxe8 31. Qxa3 Kg8 32. Qc5 Qd7 33. Rc1 Qd8 34.
Rab1 Nd6 35. Bf1 Qe7 36. Ba6 Kf7 37. Qxc6 Nc4 38. Bxc4 Rfc8 39. Qb5 dxc4 40.
Rxc4 Rxc4 41. Qxc4 Rb7 42. Qc5 Qd7 43. Ra1 Kg6 44. Kg2 Qd8 45. Ra6 Qb8 46. e4
f4 47. g4 h6 48. d5 Qe5 49. Ra2 Rd7 50. dxe6 Qxc5 51. exd7 Qxb6 52. Rd2 Qd8 53.
Rd5 Kh7 54. Kf1 g6 55. Ke2 Kg7 56. Kd3 Kf7 57. h4 Ke6 58. Ke2 Ke7 59. Kf1 Ke6
1-0

[Event "VI Festival B"]
[Site "Amantea ITA"]
[Date "2008.09.06"]
[Round "7"]
[White "Sansosti, Simona"]
[Black "Paese, Salvatore"]
[Result "1-0"]
[WhiteElo "1425"]
[BlackElo "1324"]
[PlyCount "127"]
[EventDate "2008.08.31"]

1. d4 Nf6 2. Nf3 d5 3. Nbd2 Bf5 4. e3 e6 5. Nh4 Bg4 6. Nhf3 Bb4 7. c3 Bd6 8.
Bd3 O-O 9. O-O Re8 10. Re1 Nbd7 11. e4 dxe4 12. Nxe4 e5 13. Bc2 exd4 14. cxd4
Bb4 15. Re3 Nd5 16. Rb3 N7f6 17. Bg5 Bh5 18. Nxf6+ gxf6 19. Be3 a5 20. a3 Nxe3
21. fxe3 Bd6 22. Qf1 b6 23. Re1 Qd7 24. Nh4 Bg6 25. Nxg6 fxg6 26. Qxf6 Rf8 27.
Qh4 Rab8 28. e4 Qg7 29. e5 Be7 30. Qe4 a4 31. Rf3 Rxf3 32. Qxf3 Rf8 33. Qd5+
Kh8 34. Bxa4 h5 35. Qe4 h4 36. Bc2 Kh7 37. Qg4 Kh6 38. Rf1 Rxf1+ 39. Kxf1 g5
40. Qe6+ Kh5 41. Qf5 Qf8 42. Qxf8 Bxf8 43. Ke2 Kg4 44. Be4 Kf4 45. Bc6 g4 46.
Kf2 g3+ 47. hxg3+ hxg3+ 48. Ke2 b5 49. Bxb5 Ke4 50. a4 Kxd4 51. e6 Kc5 52. Kf3
Bd6 53. b3 c6 54. Bc4 Kd4 55. a5 Kc5 56. a6 Kb6 57. Ke4 Ka7 58. Kf5 Be7 59. Kg6
c5 60. Kf7 Bd6 61. e7 Bxe7 62. Kxe7 Kb6 63. Ke6 Kc6 64. Ke5 1-0

[Event "VI Festival B"]
[Site "Amantea ITA"]
[Date "2008.09.06"]
[Round "7"]
[White "Vatta, Marino"]
[Black "Bellisario, Carlo"]
[Result "1-0"]
[WhiteElo "1634"]
[BlackElo "1673"]
[PlyCount "157"]
[EventDate "2008.08.31"]

1. d4 Nf6 2. c4 e6 3. Nc3 Bb4 4. Qc2 O-O 5. a3 Be7 6. Nf3 d5 7. e3 b6 8. Bd3
dxc4 9. Bxc4 Bb7 10. Be2 Nbd7 11. O-O c5 12. Rd1 Qc7 13. dxc5 Qxc5 14. b4 Qc7
15. Qb3 Rac8 16. Bb2 Bxf3 17. Bxf3 Ne5 18. Be2 Neg4 19. g3 Qb7 20. h3 Ne5 21.
Nb5 Nf3+ 22. Bxf3 Qxf3 23. Nd4 Qh5 24. Kg2 Ne4 25. Nxe6 Qf5 26. Nf4 g5 27. Rd5
Nd2 28. Qd3 Qxd3 29. Rxd3 Rfd8 30. Rxd8+ Rxd8 31. Ne2 Nb3 32. Rb1 Rd2 33. Ng1
Rc2 34. Nf3 f5 35. Nd4 Nxd4 36. Bxd4 Ra2 37. Rb3 Kf7 38. Kf3 h5 39. g4 hxg4+
40. hxg4 fxg4+ 41. Kg3 Kg6 42. e4 Rd2 43. Be3 Rd1 44. Kg2 Kh5 45. Rc3 Rd7 46.
Rc6 Bf8 47. Rc4 Bg7 48. a4 Be5 49. a5 bxa5 50. bxa5 a6 51. Rc6 Rd6 52. Rc5 Re6
53. Rd5 Kg6 54. Bd4 Bf4 55. f3 gxf3+ 56. Kxf3 Kf7 57. Bb6 Re5 58. Rd7+ Re7 59.
Rd5 Re5 60. Rd3 Kg6 61. Bc7 Rc5 62. Bxf4 gxf4 63. Rd6+ Kg5 64. Rd5+ Rxd5 65.
exd5 Kf6 66. Kxf4 Ke7 67. Ke5 Kd7 68. Kd4 Kd6 69. Kc4 Kd7 70. Kc5 Kc7 71. Kd4
Kd6 72. Kc4 Kd7 73. Kc5 Kc7 74. d6+ Kd7 75. Kd5 Kd8 76. Kc6 Kc8 77. Kb6 Kd7 78.
Kxa6 Kxd6 79. Kb7 1-0

[Event "VI Festival B"]
[Site "Amantea ITA"]
[Date "2008.09.07"]
[Round "8"]
[White "Berardi, Emiliano"]
[Black "Alo', Lucio"]
[Result "1-0"]
[WhiteElo "1440"]
[BlackElo "1454"]
[PlyCount "141"]
[EventDate "2008.08.31"]

1. e4 e5 2. Nf3 Nc6 3. Bb5 Nge7 4. O-O d6 5. d4 exd4 6. Nxd4 Bd7 7. Bg5 h6 8.
Bh4 Ne5 9. Bxd7+ Qxd7 10. Nc3 N7g6 11. Bg3 Be7 12. f4 Nc4 13. Qc1 Bf6 14. Nf5
Bxc3 15. bxc3 O-O 16. Rb1 Qc6 17. Re1 Rfe8 18. Nd4 Qd7 19. Rb4 Nb6 20. Nf5 Qc6
21. Qe3 Qd7 22. Qd3 c5 23. Rbb1 Rad8 24. Rbd1 Re6 25. Nh4 d5 26. f5 Ne5 27.
fxe6 Nxd3 28. exd7 Nxe1 29. Rxe1 dxe4 30. Bc7 Rxd7 31. Bxb6 axb6 32. Rxe4 Kf8
33. Nf3 Rd1+ 34. Kf2 Ra1 35. a4 Ra2 36. Kg3 Rxc2 37. Rc4 Ra2 38. Ne5 Ke7 39.
Re4 Kf6 40. Nd7+ Kf5 41. Rf4+ Kg5 42. Nxb6 Ra3 43. Rc4 Rb3 44. Rxc5+ f5 45. a5
g6 46. Nd7 h5 47. h4+ Kh6 48. Kf4 Rb2 49. g3 Rf2+ 50. Ke3 Rf1 51. Rc7 Re1+ 52.
Kf2 Rb1 53. Nc5 Rb2+ 54. Kf3 b6 55. Rb7 Rb5 56. Nd7 Rxa5 57. Nf6 g5 58. Ng8+
Kg6 59. Rxb6+ Kg7 60. Nf6 Rc5 61. Nxh5+ Kh7 62. hxg5 Rxc3+ 63. Kf4 Rc5 64. Rb7+
Kg8 65. g6 Rc4+ 66. Kxf5 Rc5+ 67. Kf6 Rc6+ 68. Kg5 Rc5+ 69. Kh6 Rc8 70. Nf6+
Kf8 71. g7# 1-0

[Event "VI Festival B"]
[Site "Amantea ITA"]
[Date "2008.09.07"]
[Round "8"]
[White "Carlomagno, Vincenzo"]
[Black "Cannataro, Luciano"]
[Result "1-0"]
[WhiteElo "1422"]
[BlackElo "1795"]
[PlyCount "30"]
[EventDate "2008.08.31"]

1. e4 c5 2. Nf3 d6 3. d4 cxd4 4. Nxd4 Nf6 5. Nc3 a6 6. Bg5 Nbd7 7. Bc4 b5 8.
Bb3 b4 9. Nd5 Nxe4 10. Nc6 Nxg5 11. Nxd8 Kxd8 12. Nxb4 Bb7 13. Bd5 Rb8 14. Bxb7
Rxb7 15. Nxa6 Rxb2 1-0

[Event "VI Festival B"]
[Site "Amantea ITA"]
[Date "2008.09.07"]
[Round "8"]
[White "Carrozza, Gregorio"]
[Black "Sansosti, Simona"]
[Result "1-0"]
[WhiteElo "1580"]
[BlackElo "1425"]
[PlyCount "63"]
[EventDate "2008.08.31"]

1. e4 e5 2. Nf3 Nc6 3. Bc4 Bc5 4. Nc3 Nf6 5. d3 O-O 6. O-O h6 7. a3 a6 8. Na4
Be7 9. Nc3 Bc5 10. h3 b5 11. Bd5 Re8 12. Be3 Be7 13. Bxc6 dxc6 14. Nxe5 Bb7 15.
f4 c5 16. Qf3 h5 17. Rad1 Bd6 18. d4 Qe7 19. Rde1 b4 20. axb4 cxb4 21. Nd5 Nxd5
22. exd5 f5 23. Nc6 Qf7 24. c4 a5 25. b3 a4 26. bxa4 Rxa4 27. Ne5 Bxe5 28. fxe5
g6 29. e6 Qf6 30. g4 Rxe6 31. gxf5 Kh7 32. fxe6 1-0

[Event "VI Festival B"]
[Site "Amantea ITA"]
[Date "2008.09.07"]
[Round "8"]
[White "Chiappetta, Dario"]
[Black "Ielapi, Vito"]
[Result "1/2-1/2"]
[WhiteElo "1745"]
[BlackElo "1890"]
[PlyCount "65"]
[EventDate "2008.08.31"]

1. e4 d5 2. exd5 Qxd5 3. Nc3 Qd6 4. d4 Nf6 5. Bc4 e6 6. Nf3 a6 7. Bg5 b5 8. Bd3
Bb7 9. Bxf6 gxf6 10. Ne4 Qd8 11. c3 Nd7 12. a4 f5 13. Ned2 c6 14. Qe2 Be7 15.
c4 bxc4 16. Nxc4 Nb6 17. Qe5 Rg8 18. Na5 Bb4+ 19. Kf1 Bxa5 20. Qxa5 Nd5 21. Qd2
Qf6 22. Rg1 a5 23. Rc1 Nb4 24. Be2 Rd8 25. Rc5 Ra8 26. Rxa5 Rxa5 27. Qxb4 Ra7
28. Qb6 Rxa4 29. Qxb7 Ra1+ 30. Ne1 Qxd4 31. Qxc6+ Ke7 32. Qc7+ Kf8 33. Qc3
1/2-1/2